| 000 | 00807cam a2200253 i 4500 | ||
|---|---|---|---|
| 999 |
_c1058 _d1058 |
||
| 001 | 1058 | ||
| 003 | Mx-PuUPA | ||
| 005 | 20260227102754.0 | ||
| 008 | 140415s1988 mx r 000 0 spa d | ||
| 020 | _a9686656073 | ||
| 040 |
_aMx-PuUPA _bspa _cMx-PuUPA _dMx-PuUPA _erda |
||
| 041 | 0 | _aspa | |
| 100 | 1 |
_aPompa y Pompa, Antonio, _d1904-1994 _eautor _9440 |
|
| 245 | 1 | 0 |
_a450 años de la imprenta tipográfica en México / _cAntonio Pompa y Pompa |
| 300 |
_a114 páginas : _bilustraciones ; _c18 cm |
||
| 336 |
_atexto _2rdacontent _btxt |
||
| 337 |
_asin medio _2rdamedia _bn |
||
| 338 |
_avolumen _2rdacarrier _bnc |
||
| 650 | 4 |
_aImprenta _xConmemoraciones |
|
| 650 | 4 |
_aImprenta _xHistoria _zMéxico |
|
| 942 |
_2ddc _cLI _h686.20972 _iP784 |
||